Vlastivedný sborník východného Slovenska

Podrobná bibliografia
Korporatívny autor: Slovenská kníhtlačiareň filiálka Košice (Tlačiar)
Médium: Časopis
Jazyk:slovenčina
Fyzický popis:1 zv. 23 cm
Vydavateľské údaje: Michalovce Pedagogické okresky učiteľské 1928
Predmet:

MARC

LEADER 00000cas a22000001a 4500
001 vtls010298762
003 SK-MaSNL
005 20260425194159.0
008 200401d19281928xo u p r 0 b0slo
015 |a SNBDS17XX9999 
015 |a 0893  |2 Kipsová 1919-38 
038 |a SNKBUDS 
040 |a SNK  |b slo  |c SNK  |e AACR2 
041 0 |a slo 
044 |a xo  |c SK 
072 7 |a 9  |x Geografia. Biografické štúdie. Dejiny  |2 konspekt 
080 |a 908  |2 2011 
080 |a 050  |2 2011 
080 |a (437.67)  |2 2011 
245 0 0 |a Vlastivedný sborník východného Slovenska 
260 |a Michalovce  |b Pedagogické okresky učiteľské  |c 1928 
300 |a 1 zv.  |c 23 cm 
310 |a Periodicita nie je známa 
362 0 |a Roč. I, č. 1 (1928) 
500 |a Redaktori: Michal Sekey, Karol Skala, Jozef Šaloun, J. Douša, St. Kraus, J. Jankovec 
500 |a Tlač. Slovenská kníhtlačiareň v Košiciach 
500 |a Vydávanie vzal na vedomie Župný úrad v Košiciach výmerom zo dňa 14. apríla 1928 čís 25015/1928 
650 0 7 |a vlastiveda  |2 SNKPH  |9 3887 
651 7 |a Slovensko východné  |2 SNKPH  |9 161134 
655 7 |a vlastivedné časopisy  |2 SNKBPH  |9 269778 
700 1 |a Sekey, Michal,  |d 1886-1965  |4 red  |9 192242 
700 1 |a Skala, Karol  |4 red  |9 269779 
700 1 |a Šaloun, Jozef  |4 red  |9 269780 
700 1 |a Douša, J.  |4 red  |9 269781 
700 1 |a Kraus, St.  |4 red  |9 269782 
700 1 |a Jankovec, J.  |4 red  |9 269783 
710 2 |a Slovenská kníhtlačiareň  |b filiálka Košice  |e prt  |9 269784 
710 2 |a Pedagogické okresky učiteľské  |e pbl  |9 269785 
910 |a snk 
916 |a 1928 
999 |c 6142  |d 8072 
952 |t č. 1  |a SNK  |b SNK  |y PREZ  |7 0  |p 17A0106463  |o snkČSC 669/1/1928  |i snkČSK 381/57  |8 3  |f 1  |0 0  |1 0  |4 0  |d 1997-11-03  |l 0  |r 2005-01-02 00:00:00  |w 2026-02-21 
952 |t č. 1  |a SNK  |b SNK  |y PREZ  |7 0  |p 17A0454764  |o snkČSC 669/1/1928 D1  |i snkK 866/79  |8 3  |0 0  |1 0  |4 0  |d 2005-01-20  |l 0  |r 2026-02-21 21:10:48  |w 2026-02-21